| 000 | 01779nam0a2200301 4500 | ||
|---|---|---|---|
| 001 | RU\NLR\bibl\395738 | ||
| 005 | 20260503054107.0 | ||
| 010 |
_a5-8064-0479-x _9100 |
||
| 035 | _a(NLR Aleph) 000389983 | ||
| 090 |
_a509460 _c509460 |
||
| 100 | _a20030430d2001 |||y0rusy50 ca | ||
| 101 | 0 | _arus | |
| 102 | _aRU | ||
| 105 | _ay ||||||||| | ||
| 200 | 1 |
_aКафедра методики обучения химии РГПУ им. А.И.Герцена _eПосвящ. 55-летию со дня основания каф. методики обучения химии РГПУ им. А.И. Герцена _fМария Пак, Ирина Орлова _gРос. гос. пед. ун-т им. А.И. Герцена |
|
| 210 |
_aСПб. _cИзд-во РГПУ _d2001 |
||
| 215 |
_a43,[1] с. _d21 |
||
| 601 | 0 | 2 |
_aРоссийский государственный педагогический университет им. А.И. Герцена _bКафедра методики обучения химии _cСанкт-Петербург, город _92290737 _3RU\NLR\auth\661371932 |
| 686 | _aЧ489.514(2)7 | ||
| 700 | 1 |
_4070 _8rus _7ca _aПак _bМ. С. _gМария Сергеевна _3RU\NLR\auth\7769547 _952475 |
|
| 701 | 1 |
_4070 _aОрлова _bИ. А. _cканд. хим. наук _gИрина Алексеевна _3RU\NLR\AUTH\770128559 _9128528 |
|
| 712 | 0 | 2 |
_4570 _aРоссийский государственный педагогический университет им. А. И. Герцена _cСанкт-Петербург _bКафедра методики обучения химии _3RU\NLR\AUTH\8810031274 _9561183 |
| 801 | 0 |
_aRU _bNLR _c20030430 _gPSBO |
|
| 801 | 1 |
_aRU _bNLR _c20030430 |
|
| 830 | _a2-й авт. по кн. | ||
| 942 | _cBOOK | ||
| 980 | _aNB | ||